书目信息 |
| 题名: |
大学生心理健康教育
|
|
| 作者: | 周家华 , 王金凤 主编 | |
| 分册: | ||
| 出版信息: | 北京 清华大学出版社 2007.08 |
|
| 页数: | 326页 | |
| 开本: | 23cm | |
| 丛书名: | 新世纪高职高专实用规划教材公共基础系列 | |
| 单 册: | ||
| 中图分类: | B844.2 | |
| 科图分类: | ||
| 主题词: | 大学生--da xue sheng--心理卫生--高等教育--教材 | |
| 电子资源: | ||
| ISBN: | 978-7-302-15771-7 | |
| 000 | 01174nam 2200301 450 | |
| 001 | 012008164447 | |
| 005 | 20080422112807.42 | |
| 010 | @a978-7-302-15771-7@dCNY28.00 | |
| 100 | @a20080422d2007 em y0chiy0120 ea | |
| 101 | 0 | @achi |
| 102 | @aCN@b110000 | |
| 105 | @ay a 000yy | |
| 106 | @ar | |
| 200 | 1 | @a大学生心理健康教育@Ada xue sheng xin li jian kang jiao yu@f周家华, 王金凤主编@Fzhou jia hua,wang jin feng zhu bian |
| 205 | @a第2版 | |
| 210 | @a北京@c清华大学出版社@d2007.08 | |
| 215 | @a326页@d23cm | |
| 225 | 2 | @a新世纪高职高专实用规划教材公共基础系列@Axin shi ji gao zhi gao zhuan shi yong gui hua jiao cai gong gong ji chu xi lie |
| 300 | @a2007年江苏省高等学校评优精品教材 | |
| 320 | @a有书目 | |
| 330 | @a本书共十一章,从各个角度介绍了大学生在日常生活学习中遇到的各种心理健康问题,并指出了原因,最后重点阐述了对相关心理问题的自我调适方法。 | |
| 410 | 0 | @12001 @a新世纪高职高专实用规划教材公共基础系列 |
| 606 | 0 | @a大学生@Ada xue sheng@x心理卫生@x高等教育@j教材 |
| 690 | @aB844.2@v4 | |
| 701 | 0 | @a周家华@Azhou jia hua@4主编 |
| 701 | 0 | @a王金凤@Awang jin feng@4主编 |
| 801 | 0 | @aCN@bQSSK@c20080422 |
| 905 | @b295964-66@dB844.2@eZ772@f3 | |
| 大学生心理健康教育/周家华, 王金凤主编.-第2版.-北京:清华大学出版社,2007.08 |
| 326页;23cm.-(新世纪高职高专实用规划教材公共基础系列) |
| 2007年江苏省高等学校评优精品教材 |
| ISBN 978-7-302-15771-7:CNY28.00 |
| 本书共十一章,从各个角度介绍了大学生在日常生活学习中遇到的各种心理健康问题,并指出了原因,最后重点阐述了对相关心理问题的自我调适方法。 |
| ● |
| 相关链接 |
|
|
|
正题名:大学生心理健康教育
索取号:B844.2/Z772
 
预约/预借
| 序号 | 登录号 | 条形码 | 馆藏地/架位号 | 状态 | 备注 |
| 1 | 295964 | 202959646 | 社科库509/509社科库 39排1列5层/ [索取号:B844.2/Z772] | 在馆 | |
| 2 | 295965 | 202959655 | 社科库509/509社科库 39排1列5层/ [索取号:B844.2/Z772] | 在馆 | |
| 3 | 295966 | 202959664 | 社科库509/509社科库 39排1列5层/ [索取号:B844.2/Z772] | 在馆 |